Thinking academic freedom in gendered post-coloniality / (Record no. 59748)
[ view plain ]
| 000 -LEADER | |
|---|---|
| fixed length control field | 00521cam7a220018100 4500 |
| 001 - CONTROL NUMBER | |
| control field | tmp16044113 |
| 003 - CONTROL NUMBER IDENTIFIER | |
| control field | UPRA |
| 005 - DATE AND TIME OF LATEST TRANSACTION | |
| control field | 20190815094525.0 |
| 008 - FIXED-LENGTH DATA ELEMENTS--GENERAL INFORMATION | |
| fixed length control field | 951129s1992 sa eng u |
| 035 ## - SYSTEM CONTROL NUMBER | |
| System control number | (Sirsi) r75489 |
| 035 ## - SYSTEM CONTROL NUMBER | |
| System control number | (UPRA)tmp16044113 |
| 040 ## - CATALOGING SOURCE | |
| Transcribing agency | UPRA |
| 100 1# - MAIN ENTRY--PERSONAL NAME | |
| Personal name | Spivak, Gayatri. |
| Linkage | A35892.1 |
| 245 10 - TITLE STATEMENT | |
| Title | Thinking academic freedom in gendered post-coloniality / |
| Statement of responsibility, etc. | Gayatri Spivak. |
| 260 ## - PUBLICATION, DISTRIBUTION, ETC. | |
| Place of publication, distribution, etc. | Capetown : |
| Name of publisher, distributor, etc. | The University, |
| Date of publication, distribution, etc. | 1992. |
| 949 ## - LOCAL PROCESSING INFORMATION (OCLC) | |
| a | (O2)1992/15 |
| w | lcc |
| m | MAIN |
| t | BOOK |
| l | ON-SHELF |
No items available.